000 00320nam a22001337a 4500
008 170816b xxu||||| |||| 00| 0 eng d
020 _a9780321205650
041 _aeng
080 _27 ED
_a51
100 _a36
101 _aMAT
245 _aA DURVEY OF MATHEMATICS WITH APPLICATION
_cABBOT.A
942 _2udc
_cBK
999 _c23655
_d23655